| 000 | 01070nam a2200253Ia 4500 | ||
|---|---|---|---|
| 003 | Ost | ||
| 005 | 20260507075403.0 | ||
| 008 | 260507s9999||||xx |||||||||||||| ||und|| | ||
| 020 | _a8312850977 | ||
| 040 | _cfsecg | ||
| 041 | _aara | ||
| 082 | _a600 | ||
| 100 |
_aحريز، هشام _eمؤلف |
||
| 245 | 0 |
_aالتسويق كمدخل استراتيجي لتحسين القدرة التنافسية للمؤسسة / _c هشام حريز |
|
| 260 |
_aالإسكندرية: _bمكتبة الوفاء القانونية, _c2014 |
||
| 300 |
_a299 صفحة؛ _bإيضاحات ؛ _c25 سم |
||
| 504 | _aالمراجع ص.277 | ||
| 520 | _aيضم الإستراتيجية التسويقية في المؤسسة ، مساهمة الإستراتيجية التسويقية في تحسين القدرة التنافسية ، دراسة حالة ملبنة الحضنة | ||
| 653 | _aأدارة المبيعات | ||
| 653 | _aالتسويق | ||
| 653 | _aالمنافسة | ||
| 700 |
_aبوشمال، عبد الرحمان _eمؤلف ثانوي |
||
| 942 | _cكتاب | ||
| 999 |
_c44285 _d44285 |
||